00451nam a2200181Ia 4500003000400000005001700004008004100021020001500062040001800077041000800095082002100103100001900124245003900143250001200182260004200194300002400236440000900260OSt20250129140938.0210716s1978 xx 000 0 und d a0345280423 cAIMIT LIBRARY aeng a808.83 21bTHEP aTheroux, Paul. aPicture palace /cBy Paul Theroux. a1st ed. aNew York :bBallantine books ;c1978. a344p. ;bPBc18 cm. vI&II